000 00620nam a22002057a 4500
005 20140312075655.0
008 060829s2003 nyua 001 0 eng d
016 7 _2Uk
020 _a0072229179
080 _a004.42
100 1 _aAndersen, Virginia.
245 1 0 _aMicrosoft Office Access 2003 :
_cVirginia Andersen.
260 _aNew York :
_bMcGraw Hill/Osborne,
_c2003.
300 _a719 f. :
_bme il. ;
_c23 cm,
_e+ 1 CD.
500 _aPƫrfshin indeksin f. 679-719
630 0 0 _aMicrosoft Access.
650 0 _aKompjuterat
650 0 _aKompjuterat-Programimi-Softuerat
942 _2udc
_cBK
999 _c414
_d414